Les serpents les plus dangereux de Chine - Statistiques

Statistiques générales
  • Ce quiz a été pris 8 fois
  • Le résultat moyen est 2 sur 11
Statistiques - réponses
Classement Serpent % Correct
1 Cobra royal
100%
5 Cobra à monocle
20%
5 Cobra de Chine
20%
9 Crotale des bambous
20%
6 Vipère de Russell
20%
4 Bongare rayé
0%
2 Crotale de Mangshan
0%
7 Habu de Taïwan
0%
10 Mamushi à queue courte
0%
8 Serpent de mer de Chine
0%
3 Vipère des cents pas
0%
Aucun quiz correspondant
Distribution des résultats
% des personnes avec chaque résultat
Percentile par nombre de réponses
Votre historique - résultats
Vous n’avez pas pris ce quiz